| 000 | 00558nam a22001937a 4500 | ||
|---|---|---|---|
| 005 | 20251212101439.0 | ||
| 008 | 251212b |||||||| |||| 00| 0 eng d | ||
| 020 | _a9783319457154 | ||
| 040 | _cPK-LaUMT | ||
| 082 |
_a610.285 _bKAU-B |
||
| 100 |
_aKaur, Gurbinder _98366 |
||
| 245 |
_aBioactive glasses : _bpotential biomaterials for future therapy / _cby Gurbinder Kaur |
||
| 260 |
_aSwitzerland : _bSpringer, _c2017 |
||
| 300 | _a332 p. | ||
| 650 |
_aBiomedical engineering _98367 |
||
| 650 |
_aCeramics _94706 |
||
| 650 |
_aCoating _95609 |
||
| 942 | _cBK | ||
| 999 |
_c139351 _d139351 |
||